000 00939cam a2200253 4500
001 WB3736-01
008 010927n2001 000 0 eng u
035 _a(Sirsi) u114875
245 _aPublic spending safe
260 _c2001
490 _aContract Journal
_v410(6343) 26 September 2001, 4(1)
520 _aCity analysts predict that public spending on infrastructure in the UK, Europe and America will not be affected by the terrorist attacks in New York. But, commercial and housing sectors may find themselves affected by a lack of consumer confidence as a result of these attacks.
590 _aWB
650 _aPUBLIC SPENDING
650 _aPRIVATE SECTOR INVESTMENT
650 _aTERRORIST ATTACKS
650 _aHOUSE BUILDING SECTOR
650 _aCOMMERCIAL SECTOR
650 _aUNITED KINGDOM
650 _aEUROPE
650 _aUNITED STATES
690 _aBUILT ENVIRONMENT-CONSTRUCTION MARKET
942 _n0
999 _c68405
_d68405